Best Chelsea players since 2010 in my HuMbLe oPiNiOn - Statistics

General Stats
  • This quiz has been taken 107 times
  • The average score is 33 of 50
Answer Stats
Rank Position Nationality Answer % Correct
3 Eden Hazard
96%
1 Frank Lampard
94%
4 Didier Drogba
92%
2 John Terry
91%
7 Petr Cech
87%
18 Édouard Mendy
84%
44 Kai Havertz
84%
5 N'Golo Kanté
84%
10 Cesar Azpilicueta
82%
48 FW Timo Werner
79%
15 FW Diego Costa
78%
11 DF Branislav Ivanovic
75%
17 DF Garry Cahill
73%
47 GK Kepa Arrizabalaga
73%
21 Mason Mount
73%
38 Andreas Christensen
72%
6 Ashley Cole
71%
9 DF Thiago Silva
71%
12 Thibaut Courtois
71%
22 FW Willian
71%
25 John Obi Mikel
70%
41 DF Marcos Alonso
70%
14 DF Antonio Rudiger
69%
23 DF Reece James
69%
20 MF Cesc Fábregas
67%
31 Oscar
67%
13 Nemanja Matic
66%
24 MF Ramires
66%
46 Victor Moses
66%
28 DF David Luiz
64%
30 MF Florent Malouda
63%
27 Pedro
62%
36 DF Ben Chilwell
61%
37 Fernando Torres
61%
35 MF Jorginho
61%
50 FW Demba Ba
58%
39 FW Salomon Kalou
58%
8 Michael Essien
57%
19 Juan Mata
56%
29 FW Romelu Lukaku
56%
16 MF Mateo Kovacic
55%
26 FW Nicolas Anelka
54%
49 Álvaro Morata
52%
32 FW Christian Pulisic
52%
33 FW Olivier Giroud
49%
43 MF Hakim Ziyech
42%
42 FW Tammy Abraham
39%
34 Kurt Zouma
38%
45 Calum Hudson-Odoi
34%
40 MF Ruben Loftus-Cheek
31%
No matching quizzes found
Score Distribution
Percent of People with Each Score
Percentile by Number Answered
Your Score History
You have not taken this quiz